000 01589nam a2200289Ia 4500
999 _c54588
_d54588
001 21654
003 GE_BSU
005 20211208173123.0
008 181216s ||||ge |||||||||||||| ||geo||
040 _cGE_BSU
041 _ageo
080 _a811.353.1-86 ი-50
100 _aიმნაიშვილი, ი.
_913224
245 _aქართული ენის ისტორიული ქრესტომათია ტ. 1 :
_bV-X საუკუნის ძეგლები /
_cი. იმნაიშვილი ; გამოსცა და ტაბულები და ლექსიკონი დაურთო ი. იმნაიშვილმა ; ა. შანიძის რედაქციით.
250 _aმე-2 შევსებული და შესწორებული გამოცემა
264 _aთბილისი :
_bსამეცნ.-მეთოდ. კაბინეტის გამ-ბა,
_c1953.
300 _a550 გვ. ;
_c22 სმ.
500 _aდანართი "ლექსიკონი" გვ. 407-546
500 _a "ქარაგმები" გვ. 547-550
504 _aბიბლიოგრ. გვ. : IV-XI
541 _h3 ლ.
653 _aქართული ენა
653 _aქართული ენის ისტორიული ქრესტომათია
653 _aV-X საუკუნის ძეგლები
700 _aშანიძე, ა.
_eრედაქტორი
_913225
942 _cBK
_2udc